000 01055cab a2200289 4500
001 ABS51106
008 090401t1994 xxu||||| |||| 00| 0 eng d
035 _a(Sirsi) u10417
041 _aeng
100 _aGorrara, P.
245 4 _aThe tricky question of abandoned tenancies
260 _c1994
350 _a0
490 _aHousing
_v30(6) July/August 1994, 38-39(2)
520 _aExplains why landlords who are puzzling over the legality of abandoned properties might be better off considering them as surrendered tenancies. Looks at how landlords should deal with such a situation.
650 _aABANDONED PROPERTY
650 _aEVICTION
650 _aHOUSING ACT 1985
650 _aHOUSING ACT 1988
650 _aPROTECTION FROM EVICTION ACT 1977
650 _aREPOSSESSION
650 _aPROPERTY-RESIDENTIAL PROPERTY-RESIDENTIAL LANDLORD AND TENANT-RESIDENTIAL TENANCIES
690 _aHOUSING
690 _aPROPERTY-RESIDENTIAL PROPERTY-RESIDENTIAL LANDLORD AND TENANT-RESIDENTIAL TENANCIES
942 _n0
948 _c04/03/1997
999 _c6568
_d6568